Conversion and utilization of waste materials
Αποθηκεύτηκε σε:
| Άλλοι συγγραφείς: | |
|---|---|
| Μορφή: | Βιβλίο |
| Γλώσσα: | English |
| Δημοσίευση: |
Washington :
Taylor & Francis,
1996
|
| Σειρά: | Applied energy technology series
|
| Θέματα: | |
| Ετικέτες: |
Προσθήκη ετικέτας
Δεν υπάρχουν, Καταχωρήστε ετικέτα πρώτοι!
|
MARC
| LEADER | 00000nam a2200000 i 4500 | ||
|---|---|---|---|
| 001 | 1/88937 | ||
| 008 | 080617s1996 eng d | ||
| 020 | |a 1-56032-382-5 | ||
| 035 | |l 10098233 | ||
| 040 | |a GR-MY-UA |b gre |e aacr | ||
| 041 | 0 | |a eng | |
| 082 | 0 | |a 628.4458 |2 (22) | |
| 245 | 1 | 0 | |a Conversion and utilization of waste materials / |c edited by M. Rashid Khan |
| 260 | |a Washington : |b Taylor & Francis, |c 1996 | ||
| 300 | |a xxi, 286 σ.; |b πίν., σχ.; |c 24 εκ. | ||
| 490 | 1 | |a Applied energy technology series | |
| 504 | |a Περιέχει βιβλιογραφικές αναφορές | ||
| 504 | |a Ευρετήριο: σ.283-286 | ||
| 650 | 0 | 0 | |a Waste products. |
| 700 | 1 | |a Khan, M. Rashid. |4 edt | |
| 830 | 0 | |a Applied energy technology series | |
| 852 | |a INST |b LESVOS |e 20080617 |h 628.4458 CON |p 005100042627 |q 005100042627 |t BK |y 0 | ||
| 901 | |a BIBL1-2008-2 | ||
| 909 | |a Λ |b 144930 | ||
| 922 | |a 1ΕΛΗ |b 200801 |c ΕΠΕΑΕΚ2/ΤΠ |d ΕΛΕΥΘΕΡΟΥΔΑΚΗΣ | ||
| 970 | |a ΧΑΤΖΗΜΙΧΑΗΛ |b ΜΑΡΙΑ |z 2008/06/17 | ||